| 000 | 02647nam a2200409 a 4500 | ||
|---|---|---|---|
| 001 | ebr10359097 | ||
| 003 | CaPaEBR | ||
| 006 | m u | ||
| 007 | cr cn||||||||| | ||
| 008 | 070621s2007 ne sb 001 0 eng d | ||
| 010 | _z 2007296947 | ||
| 020 | _z9789004158047 (alk. paper) | ||
| 020 | _z9004158049 (alk. paper) | ||
| 040 |
_aCaPaEBR _cCaPaEBR |
||
| 035 | _a(OCoLC)647841865 | ||
| 043 | _af------ | ||
| 050 | 1 | 4 |
_aBT109 _b.K65 2007eb |
| 082 | 0 | 4 |
_a231/.044096 _222 |
| 100 | 1 | _aKombo, James Henry Owino. | |
| 245 | 1 | 4 |
_aThe doctrine of God in African Christian thought _h[electronic resource] : _bthe Holy Trinity, theological hermeneutics, and the African intellectual culture / _cby James Henry Owino Kombo. |
| 260 |
_aLeiden ; _aBoston : _bBrill, _c2007. |
||
| 300 | _axiii, 298 p. | ||
| 490 | 1 |
_aStudies in Reformed theology, _x1571-4799 ; _vv. 14 |
|
| 500 | _aOriginally presented as the author's thesis (D. Th.)--University of Stellenbosch, 2000. | ||
| 504 | _aIncludes bibliographical references (p. [279]-292) and indexes. | ||
| 505 | 0 | _aPrologue -- pt. 1. The doctrine of the Trinity : the Bible and the Church Fathers. An analysis of the biblical roots of the doctrine of the Trinity -- The emergence of the doctrine of immanent Trinity -- pt. 2. Western theologies' responses to the doctrine of the Trinity. God as essence -- God as an absolute subject -- God as community in unity -- Issues in the Western reinterpretations -- pt. 3. The doctrine of God in African inculturation theology. The African conceptual framework -- The notion of God among the African peoples : the accounts of B. Idowu, J.S. Mbiti, and G.M. Setiloane -- Moving beyond the African notion of God: clearing ground for the doctrine of the Trinity -- pt. 4. From the African concepts of God to the doctrine of the Trinity. God as the 'Great Muntu' manifested by the Son and the Holy Spirit -- Fostering the view of God as the 'Great Muntu' manifested by the Son and the Holy Spirit. | |
| 533 |
_aElectronic reproduction. _bPalo Alto, Calif. : _cebrary, _d2013. _nAvailable via World Wide Web. _nAccess may be limited to ebrary affiliated libraries. |
||
| 650 | 0 |
_aTrinity _xHistory of doctrines. |
|
| 650 | 0 |
_aGod _xHistory of doctrines. |
|
| 650 | 0 |
_aTheology, Doctrinal _zAfrica. |
|
| 650 | 0 |
_aChristianity and other religions _xAfrican. |
|
| 651 | 0 |
_aAfrica _xReligion. |
|
| 655 | 7 |
_aElectronic books. _2local |
|
| 710 | 2 | _aebrary, Inc. | |
| 830 | 0 |
_aStudies in Reformed theology ; _vv. 14. |
|
| 856 | 4 | 0 |
_uhttp://site.ebrary.com/lib/rucke/Doc?id=10359097 _zAn electronic book accessible through the World Wide Web; click to view |
| 999 |
_c208867 _d208867 |
||